000 00748cam a22002531 4500
001 16851
003 BD-RjUL
005 20211209000047.0
008 140215s1951 enk 000 0 eng d
035 _a(BD-RjUL)16906
035 _a(OCoLC)8027825
040 _aDLC
_cTNJ
_dUk
_dDLC
_dBD-RjUL
_beng
041 _aeng
082 _a811.008
_bWIC 1951
100 1 _aWilliams, William Carlos,
_d1883-1963.
_952033
245 1 4 _aThe collected earlier poems of William Carlos Williams /
_cWilliam Carlos Williams,
260 _aNew York :
_bDirections book,
_cc1951
300 _a 482 p. :
_c21 cm.
500 _a2nd printing.
650 _a American poetry
_952034
942 _2ddc
_cBK
999 _c16851
_d16851